Chuyển đến nội dung
我的帐户
退出
登录
语言
English
Deutsch
Español
Français
Italiano
日本語
Nederlands
Português
Português (Brasil)
中文(简体)
中文(繁體)
Türkçe
עברית
Gaeilge
Cymraeg
Ελληνικά
Català
Euskara
Русский
Čeština
Suomi
Svenska
polski
Dansk
slovenščina
اللغة العربية
বাংলা
Galego
Tiếng Việt
Hrvatski
हिंदी
全文检索
题名
作者
主题
索引号
ISBN/ISSN
标签
检索
高级检索
The conscious reader
职员浏览
引用
推荐此
打印
导出纪录
导出到 RefWorks
导出到 EndNoteWeb
导出到 EndNote
导出到 MARC
导出到 MARCXML
导出到 RDF
导出到 BibTeX
导出到 RIS
加到收藏夹
The conscious reader
Đã lưu trong:
书目详细资料
主要作者:
C Shiodes
格式:
图书
语言:
Undetermined
出版:
New York
Macmillan
1960
主题:
readers
标签:
添加标签
没有标签, 成为第一个标记此记录!
Thư viện lưu trữ:
Trung tâm Học liệu Trường Đại học Cần Thơ
持有资料
实物特征
您的评论
相似书籍
职员浏览
LEADER
00414nam a2200169Ia 4500
001
CTU_13743
008
210402s9999 xx 000 0 und d
082
|a
808.042
082
|b
C586
100
|a
C Shiodes
245
4
|a
The conscious reader
245
0
|c
C Shiodes
260
|a
New York
260
|b
Macmillan
260
|c
1960
650
|a
readers
980
|a
Trung tâm Học liệu Trường Đại học Cần Thơ
相似书籍
The bedford reader
由: X J Kennedy
出版: (1982)
The Short Prose Reader /
由: Muller, Gilbert H.
出版: (2006)
The reader's choice.
出版: (2002)
The reader's choice.
出版: (2002)
The reader's choice.
出版: (2002)
载入...